[Event "4NCL Division 2b"]
[Site "Hinckley Island ENG"]
[Date "2014.01.11"]
[Round "3.51"]
[White "Cooper, John G"]
[Black "Navarro Cia, Miguel"]
[Result "1/2-1/2"]
[WhiteElo "2334"]
[BlackElo "2288"]
[PlyCount "50"]
[EventDate "2014.01.11"]
[WhiteTeam "South Wales Dragons"]
[BlackTeam "Barbican 4NCL Youth"]

1. Nf3 Nf6 2. g3 g6 3. Bg2 Bg7 4. c4 d5 5. O-O O-O 6. cxd5 Nxd5 7. d4 Nb6 8.
Nc3 Nc6 9. d5 Na5 10. e4 c6 11. Bg5 h6 12. Bf4 Nac4 13. Qe2 cxd5 14. exd5 Bg4
15. Rac1 Rc8 16. b3 Nd6 17. Be5 Nd7 18. Bxg7 Kxg7 19. Qe3 a6 20. Nd4 Nf6 21.
Na4 Re8 22. Qe5 Qa5 23. h3 Bd7 24. Rxc8 Nxc8 25. Nc3 Nd6 1/2-1/2

[Event "4NCL Division 2b"]
[Site "Hinckley Island ENG"]
[Date "2014.01.11"]
[Round "3.52"]
[White "Brett, Andrew R"]
[Black "Dineley, Richard DP"]
[Result "1/2-1/2"]
[WhiteElo "2124"]
[BlackElo "2253"]
[PlyCount "106"]
[EventDate "2014.01.11"]
[WhiteTeam "Barbican 4NCL Youth"]
[BlackTeam "South Wales Dragons"]

1. d4 Nf6 2. c4 e6 3. Nc3 Bb4 4. e3 O-O 5. Bd3 d5 6. Nf3 c5 7. O-O dxc4 8. Bxc4
cxd4 9. exd4 b6 10. Qb3 Bxc3 11. bxc3 Bb7 12. Ne5 Bd5 13. a4 Qc7 14. Bxd5 Nxd5
15. c4 Nf6 16. Bf4 Qb7 17. a5 Nbd7 18. axb6 axb6 19. Nxd7 Nxd7 20. Rxa8 Rxa8
21. c5 Qe4 22. Qb5 Nf6 23. Bg3 bxc5 24. dxc5 Rc8 25. Rd1 h6 26. Bd6 Qc2 27. Rf1
Qe4 28. h3 Qd5 29. Qa6 Rc6 30. Qa8+ Kh7 31. Qa7 e5 32. Qa1 Nd7 33. Qb1+ g6 34.
Rd1 Qe6 35. Qb5 Rc8 36. c6 Nf6 37. c7 Ne8 38. Bxe5 Nxc7 39. Qb7 Qa6 40. Qf3 Qe6
41. Ba1 Ne8 42. Kh2 Rc7 43. Qd3 Rc6 44. Qa3 Rd6 45. Qc3 f6 46. Re1 Qf7 47. Qg3
Re6 48. Rb1 Qc7 49. Qxc7+ Nxc7 50. Rb7 Rc6 51. Bxf6 Rxf6 52. Rxc7+ Kg8 53. h4
Rxf2 1/2-1/2

[Event "4NCL Division 2b"]
[Site "Hinckley Island ENG"]
[Date "2014.01.11"]
[Round "3.53"]
[White "Zeidler, Sven P"]
[Black "Moss, Guy"]
[Result "1/2-1/2"]
[WhiteElo "2240"]
[BlackElo "2001"]
[PlyCount "72"]
[EventDate "2014.01.11"]
[WhiteTeam "South Wales Dragons"]
[BlackTeam "Barbican 4NCL Youth"]

1. e4 c5 2. Nc3 Nc6 3. f4 e6 4. Nf3 Nge7 5. d4 cxd4 6. Nxd4 Nxd4 7. Qxd4 Nc6 8.
Qf2 Bb4 9. Bd3 d6 10. O-O O-O 11. Qg3 f5 12. exf5 exf5 13. Bd2 d5 14. Rad1 Be6
15. Rfe1 Rf6 16. Qf2 Bf7 17. Na4 Bxd2 18. Qxd2 a6 19. Qf2 d4 20. Nc5 Qd6 21.
Nb3 Rd8 22. Be2 Qb4 23. Bf3 Rfd6 24. a3 Qb6 25. Rd2 Bxb3 26. cxb3 Qxb3 27. Red1
d3 28. Bxc6 Rxc6 29. Qe3 Re6 30. Qc5 Qb6 31. Qxb6 Rxb6 32. b4 Rbd6 33. Kf2 Rd4
34. Ke3 Re4+ 35. Kf3 Red4 36. Ke3 Re4+ 1/2-1/2

[Event "4NCL Division 2b"]
[Site "Hinckley Island ENG"]
[Date "2014.01.11"]
[Round "3.54"]
[White "Stewart, Ashley"]
[Black "Redmond, John P"]
[Result "0-1"]
[WhiteElo "2038"]
[BlackElo "2241"]
[PlyCount "118"]
[EventDate "2014.01.11"]
[WhiteTeam "Barbican 4NCL Youth"]
[BlackTeam "South Wales Dragons"]

1. Nf3 d5 2. d4 Nf6 3. c4 e6 4. g3 Bb4+ 5. Bd2 Be7 6. Bg2 c6 7. Qc2 Nbd7 8. O-O
O-O 9. Bf4 b6 10. Rd1 Bb7 11. Ne5 Rc8 12. b3 Nh5 13. Nxd7 Qxd7 14. Bc1 Nf6 15.
Nd2 c5 16. Bb2 dxc4 17. Bxb7 cxb3 18. Qxb3 Qxb7 19. dxc5 Rxc5 20. f3 Rd5 21.
Nc4 Rfd8 22. Kg2 Rxd1 23. Rxd1 Rxd1 24. Qxd1 Qd5 25. Qc2 Qc6 26. Qb3 Nd7 27.
Nd2 h6 28. Ne4 b5 29. Qd3 a6 30. h4 f5 31. Nf2 Bf6 32. Bxf6 Nxf6 33. Qd8+ Kh7
34. Qe7 Nd5 35. Qa7 f4 36. Qd4 Ne3+ 37. Kh3 fxg3 38. Qxe3 gxf2 39. Qxf2 Qd5 40.
e4 Qe5 41. Qd2 Qc7 42. Qe3 b4 43. e5 Qc4 44. h5 a5 45. Qg1 Qc2 46. Qd4 Qf5+ 47.
Kg2 Qb1 48. Qc4 Qb2+ 49. Kf1 Qxe5 50. Qd3+ Qf5 51. Qb3 e5 52. Ke2 Qxh5 53. Qd5
Qh2+ 54. Kf1 Qf4 55. Kg2 e4 56. Qxa5 Qxf3+ 57. Kg1 Qg3+ 58. Kh1 Qh4+ 59. Kg1
Qg5+ 0-1

[Event "4NCL Division 2b"]
[Site "Hinckley Island ENG"]
[Date "2014.01.11"]
[Round "3.55"]
[White "Morris, Charles F"]
[Black "Bhatia, Kanwal K"]
[Result "0-1"]
[WhiteElo "2170"]
[BlackElo "2031"]
[PlyCount "52"]
[EventDate "2014.01.11"]
[WhiteTeam "South Wales Dragons"]
[BlackTeam "Barbican 4NCL Youth"]

1. c4 e5 2. g3 Nc6 3. Nc3 Bc5 4. Bg2 a6 5. e3 Nge7 6. Nge2 d6 7. h3 O-O 8. a3
Ba7 9. b4 Be6 10. Nd5 Rb8 11. Nec3 Qd7 12. Bb2 f5 13. f4 Rbe8 14. Qa4 Qc8 15.
b5 Nd8 16. fxe5 dxe5 17. bxa6 bxa6 18. Qa5 c6 19. Nxe7+ Rxe7 20. c5 f4 21. gxf4
exf4 22. O-O-O Bb3 23. Rde1 f3 24. Bf1 f2 25. Re2 Qf5 26. e4 Qf3 0-1

[Event "4NCL Division 2b"]
[Site "Hinckley Island ENG"]
[Date "2014.01.11"]
[Round "3.56"]
[White "Keen, Cosima C"]
[Black "Jameson, David"]
[Result "0-1"]
[WhiteElo "1721"]
[BlackElo "2126"]
[PlyCount "78"]
[EventDate "2014.01.11"]
[WhiteTeam "Barbican 4NCL Youth"]
[BlackTeam "South Wales Dragons"]

1. d4 Nf6 2. Nf3 e6 3. Bf4 c5 4. c3 Nc6 5. e3 b6 6. Bd3 Bb7 7. O-O Be7 8. Nbd2
O-O 9. h3 Rc8 10. Nc4 d5 11. Nce5 cxd4 12. exd4 a6 13. Nxc6 Rxc6 14. Ne5 Rc8
15. a4 Qe8 16. Qb3 Bd8 17. Rfe1 Nd7 18. Re3 Nxe5 19. Bxe5 Qc6 20. Rg3 g6 21.
Qd1 Bc7 22. Qh5 Bxe5 23. Qxe5 Rfe8 24. h4 Qc7 25. Qf6 e5 26. dxe5 Re6 27. Qg5
Rxe5 28. Qd2 Rce8 29. Rg5 Qe7 30. Rxe5 Qxe5 31. Qd1 d4 32. c4 Re6 33. Qd2 Qf6
34. Qh6 Re5 35. Qd2 Qxh4 36. Be2 Bxg2 37. Kxg2 Rg5+ 38. Qxg5 Qxg5+ 39. Kf1 Qd2
0-1

[Event "4NCL Division 2b"]
[Site "Hinckley Island ENG"]
[Date "2014.01.11"]
[Round "3.57"]
[White "James, David J"]
[Black "Verma, Aditya"]
[Result "1/2-1/2"]
[WhiteElo "2166"]
[BlackElo "1637"]
[PlyCount "81"]
[EventDate "2014.01.11"]
[WhiteTeam "South Wales Dragons"]
[BlackTeam "Barbican 4NCL Youth"]

1. d4 Nf6 2. Nf3 e6 3. c4 b6 4. Nc3 Bb4 5. Qb3 Bxc3+ 6. Qxc3 Bb7 7. g3 O-O 8.
Bg2 h6 9. O-O d6 10. b3 c5 11. Bb2 Nbd7 12. Rad1 Qc7 13. d5 exd5 14. cxd5 b5
15. e4 b4 16. Qc2 Rfe8 17. Rfe1 Rad8 18. Nd2 Re7 19. Nc4 Ba6 20. h3 Bxc4 21.
bxc4 Rde8 22. f4 Qb8 23. Kh2 a5 24. Re2 Nh7 25. Rde1 f6 26. Bf3 Nhf8 27. Qd3 a4
28. e5 fxe5 29. Bh5 e4 30. Bxe8 exd3 31. Rxe7 Nf6 32. Bxf6 gxf6 33. Bxa4 Qa8
34. Bb3 Qa3 35. Rb1 d2 36. Rd1 Qb2 37. Re2 Qc3 38. Rdxd2 Qf3 39. Rf2 Qe3 40.
Rde2 Qd4 41. Rd2 1/2-1/2

[Event "4NCL Division 2b"]
[Site "Hinckley Island ENG"]
[Date "2014.01.11"]
[Round "3.58"]
[White "Morrison, Lynne GP"]
[Black "Lochte, Szilvia"]
[Result "1/2-1/2"]
[WhiteElo "1888"]
[BlackElo "1951"]
[PlyCount "97"]
[EventDate "2014.01.11"]
[WhiteTeam "Barbican 4NCL Youth"]
[BlackTeam "South Wales Dragons"]

1. d4 Nf6 2. Nf3 e6 3. e3 b6 4. Bd3 Bb7 5. Nbd2 c5 6. c3 Nc6 7. O-O Be7 8. Re1
O-O 9. e4 cxd4 10. Nxd4 Ne5 11. Bc2 d6 12. f4 Ned7 13. N2f3 Qc7 14. f5 e5 15.
Nb3 h6 16. h3 d5 17. exd5 Bxd5 18. Be3 e4 19. Nfd4 Qe5 20. Nd2 Bd6 21. Nf1 Rac8
22. g4 Bc4 23. Ne2 Nd5 24. Bd4 Qe7 25. b3 Ba6 26. Neg3 Qh4 27. Nxe4 Bxf1 28.
Rxf1 Qxh3 29. Nxd6 Qg3+ 30. Kh1 Qxd6 31. Qf3 Ne5 32. Bxe5 Qxe5 33. c4 Nf6 34.
Rae1 Qd4 35. Rg1 Rfe8 36. Rd1 Qb2 37. Rg2 Qxa2 38. Qd3 Qa3 39. g5 hxg5 40. Rxg5
Rcd8 41. Qxd8 Rxd8 42. Rxd8+ Kh7 43. Rg2 Qc1+ 44. Rd1 Qe3 45. Rh2+ Kg8 46. Rd8+
Ne8 47. b4 Qe1+ 48. Kg2 Qe2+ 49. Kg1 1/2-1/2

[Event "4NCL Division 2b"]
[Site "Hinckley Island ENG"]
[Date "2014.01.11"]
[Round "3.61"]
[White "Fernandez, Michael H"]
[Black "Gantner, Matthias"]
[Result "1-0"]
[WhiteElo "1941"]
[BlackElo "2250"]
[PlyCount "65"]
[EventDate "2014.01.11"]
[WhiteTeam "Bradford DCA Knights A"]
[BlackTeam "White Rose 2"]

1. e4 e6 2. d4 d5 3. Nc3 Bb4 4. e5 c5 5. a3 Bxc3+ 6. bxc3 Qa5 7. Bd2 Qa4 8. Qg4
g6 9. Nf3 Qxc2 10. dxc5 Qb2 11. Rc1 Qxa3 12. c4 Ne7 13. Be2 d4 14. Ng5 Qxc5 15.
Qf4 Nf5 16. Ne4 Qc7 17. g4 Nc6 18. gxf5 Qxe5 19. Qxe5 Nxe5 20. Bh6 gxf5 21.
Nd6+ Ke7 22. Bg7 Kxd6 23. Bxh8 Bd7 24. c5+ Kd5 25. Bxe5 Kxe5 26. Bf3 Bc6 27.
Bxc6 bxc6 28. Kd2 Kf4 29. Rhg1 Kf3 30. Rg3+ Kxf2 31. Rc2 Rd8 32. Kc1+ Kf1 33.
Rd3 1-0

[Event "4NCL Division 2b"]
[Site "Hinckley Island ENG"]
[Date "2014.01.11"]
[Round "3.62"]
[White "Gayson, Peter M"]
[Black "Hackner, Oskar A"]
[Result "0-1"]
[WhiteElo "2183"]
[BlackElo "2101"]
[PlyCount "168"]
[EventDate "2014.01.11"]
[WhiteTeam "White Rose 2"]
[BlackTeam "Bradford DCA Knights A"]

1. e4 e6 2. d4 d5 3. Nd2 Nf6 4. e5 Nfd7 5. Bd3 c5 6. c3 Nc6 7. Ne2 cxd4 8. cxd4
f6 9. exf6 Nxf6 10. Nf3 Bd6 11. O-O O-O 12. Bf4 Nh5 13. Bxd6 Qxd6 14. Ng3 Nf4
15. Re1 Bd7 16. Ne5 g6 17. Bb5 Nxe5 18. dxe5 Qe7 19. Bxd7 Qxd7 20. Ne4 Nh5 21.
Nd6 Ng7 22. Rc1 Ne8 23. Nxe8 Raxe8 24. Qd4 b6 25. Rc3 Rc8 26. Rec1 Rxc3 27.
Rxc3 Rc8 28. g3 Rxc3 29. bxc3 Qb5 30. Qh4 Qd7 31. Qf6 Qf7 32. Qd8+ Kg7 33. h4
b5 34. Kf1 Qf5 35. Qe7+ Kh6 36. Qd6 Kh5 37. Qe7 h6 38. Qf6 a5 39. Kg2 Qe4+ 40.
Kh2 Qe2 41. a3 b4 42. axb4 a4 43. b5 a3 44. b6 a2 45. b7 a1=Q 46. b8=Q Qe4 47.
g4+ Qxg4 48. Qg5+ Qxg5 49. hxg5 Qe1 50. Kg2 Qe4+ 51. f3 Qe2+ 52. Kg3 Qe1+ 53.
Kg2 Qd2+ 54. Kh3 Qf4 55. gxh6 Qxf3+ 56. Kh2 Kxh6 57. Qh8+ Kg5 58. Qd8+ Kh5 59.
Qh8+ Kg4 60. Qf6 Qe2+ 61. Kg1 Qe3+ 62. Kg2 Qg3+ 63. Kf1 Qf4+ 64. Kg2 Qf5 65.
Kh2 Kf4 66. Qh4+ Kxe5 67. Qh8+ Qf6 68. Qb8+ Kf5 69. Qb1+ Kg5 70. Qg1+ Kh6 71.
Qe3+ g5 72. Qh3+ Kg6 73. Qd3+ Qf5 74. Qa6 g4 75. c4 Qf2+ 76. Kh1 Qf1+ 77. Kh2
Qe2+ 78. Kg3 Kg5 79. Qd6 Qf3+ 80. Kh2 Qf4+ 81. Qxf4+ Kxf4 82. c5 Ke5 83. Kg3 d4
84. Kxg4 Kd5 0-1

[Event "4NCL Division 2b"]
[Site "Hinckley Island ENG"]
[Date "2014.01.11"]
[Round "3.63"]
[White "Somerset, William P"]
[Black "Adams, David M"]
[Result "1-0"]
[WhiteElo "2034"]
[BlackElo "2215"]
[PlyCount "73"]
[EventDate "2014.01.11"]
[WhiteTeam "Bradford DCA Knights A"]
[BlackTeam "White Rose 2"]

1. Nf3 d6 2. d4 Bg4 3. g3 Bxf3 4. exf3 Nd7 5. Bg2 d5 6. O-O Ngf6 7. f4 e6 8.
Nd2 Bd6 9. c4 c6 10. c5 Bc7 11. Nf3 O-O 12. Qe2 b6 13. Be3 a5 14. Ne5 Nxe5 15.
fxe5 Nd7 16. cxb6 Bxb6 17. Rfc1 Qc7 18. Rc2 Qa7 19. Qg4 Rfc8 20. Rac1 Qb7 21.
Bh6 g6 22. Qh4 Bd8 23. Bg5 Bxg5 24. Qxg5 Qb4 25. Qe3 Rab8 26. h4 h5 27. Rxc6
Rxc6 28. Rxc6 Qxb2 29. Rc7 Nb6 30. Qf4 Rf8 31. Bh3 Qb1+ 32. Kh2 Qb5 33. Qf6 Nd7
34. Qe7 Qb6 35. Rxd7 Qxd4 36. Qf6 Qb6 37. Re7 1-0

[Event "4NCL Division 2b"]
[Site "Hinckley Island ENG"]
[Date "2014.01.11"]
[Round "3.64"]
[White "Shaw, Peter"]
[Black "Lang, Adam R"]
[Result "1/2-1/2"]
[WhiteElo "2165"]
[BlackElo "2172"]
[PlyCount "70"]
[EventDate "2014.01.11"]
[WhiteTeam "White Rose 2"]
[BlackTeam "Bradford DCA Knights A"]

1. d4 e6 2. c4 b6 3. e4 Bb7 4. Bd3 f5 5. exf5 Bb4+ 6. Kf1 Nf6 7. fxe6 dxe6 8.
Nf3 Nc6 9. c5 bxc5 10. a3 Ba5 11. dxc5 Qd5 12. Be2 Qf5 13. b4 O-O 14. Qd3 Ne4
15. Be3 Rad8 16. Qb5 Ba8 17. Kg1 g5 18. h3 h5 19. Bd3 Ne5 20. Nxe5 Qxe5 21. Ra2
Bd5 22. Re2 c6 23. Qxa5 Bc4 24. Re1 Rxd3 25. Nd2 Nxd2 26. Bxd2 Qf5 27. Be3 Bd5
28. Kh2 Qe5+ 29. Kg1 Qb2 30. Kh2 Qe5+ 31. Kg1 h4 32. Qa6 Qc3 33. Kh2 Qe5+ 34.
Kg1 Qf5 35. Kh2 Qe5+ 1/2-1/2

[Event "4NCL Division 2b"]
[Site "Hinckley Island ENG"]
[Date "2014.01.11"]
[Round "3.65"]
[White "Drabble, Andrew"]
[Black "Burnett, Jim"]
[Result "1/2-1/2"]
[WhiteElo "2080"]
[BlackElo "2138"]
[PlyCount "64"]
[EventDate "2014.01.11"]
[WhiteTeam "Bradford DCA Knights A"]
[BlackTeam "White Rose 2"]

1. d4 d5 2. Nf3 c6 3. c4 e6 4. Qc2 Nf6 5. g3 Be7 6. Bg2 O-O 7. O-O Nbd7 8. Nbd2
b6 9. e4 Bb7 10. Rd1 Rc8 11. e5 Ne8 12. cxd5 cxd5 13. Qd3 Qc7 14. Nf1 Qc2 15.
Qxc2 Rxc2 16. Ne3 Rc8 17. Bd2 Nc7 18. Rdc1 Na6 19. Bf1 Rxc1 20. Rxc1 Rc8 21.
Rxc8+ Bxc8 22. a3 Nc7 23. Ne1 Nb8 24. f4 Nc6 25. N3c2 Ba6 26. Bxa6 Nxa6 27. Kf2
f6 28. Ke2 Kf7 29. Kd3 Ke8 30. Nf3 Kd7 31. Ne3 f5 32. Be1 Nc7 1/2-1/2

[Event "4NCL Division 2b"]
[Site "Hinckley Island ENG"]
[Date "2014.01.11"]
[Round "3.67"]
[White "Jones, Steven A"]
[Black "Weller, Pierre"]
[Result "1-0"]
[WhiteElo "2047"]
[BlackElo "2130"]
[PlyCount "75"]
[EventDate "2014.01.11"]
[WhiteTeam "Bradford DCA Knights A"]
[BlackTeam "White Rose 2"]

1. e4 e6 2. d4 d5 3. Nc3 Nf6 4. Bg5 Bb4 5. e5 h6 6. Bc1 Ne4 7. Qg4 g6 8. Nge2
c5 9. a3 Qa5 10. axb4 Qxa1 11. Nxe4 dxe4 12. bxc5 Bd7 13. Qxe4 Bc6 14. Qe3 Na6
15. f3 Nb4 16. Qd2 Na2 17. c3 b6 18. cxb6 axb6 19. Kf2 Qb1 20. g3 g5 21. Bg2 g4
22. Nf4 gxf3 23. Bxf3 Bxf3 24. Kxf3 h5 25. Nd3 h4 26. g4 h3 27. Kg3 Ke7 28. Qe2
Nxc1 29. Rxc1 Qa2 30. Nb4 Qa4 31. Qf3 Rag8 32. d5 exd5 33. Nxd5+ Kf8 34. e6 Rg7
35. e7+ Ke8 36. Re1 f5 37. Qxf5 Rf7 38. Nc7# 1-0

[Event "4NCL Division 2b"]
[Site "Hinckley Island ENG"]
[Date "2014.01.11"]
[Round "3.68"]
[White "Lewyk, Ihor"]
[Black "Bak, Andrew"]
[Result "1/2-1/2"]
[WhiteElo "2067"]
[BlackElo "2067"]
[PlyCount "33"]
[EventDate "2014.01.11"]
[WhiteTeam "White Rose 2"]
[BlackTeam "Bradford DCA Knights A"]

1. c4 c5 2. Nc3 Nf6 3. g3 g6 4. Bg2 Nc6 5. Nf3 Bg7 6. O-O O-O 7. d3 d6 8. Bg5
h6 9. Bd2 e5 10. e4 Ne8 11. Nd5 Kh7 12. Bc3 Nc7 13. Nxc7 Qxc7 14. Qd2 f5 15.
exf5 Bxf5 16. Nh4 Qd7 17. Nxf5 1/2-1/2

[Event "4NCL Division 2b"]
[Site "Hinckley Island ENG"]
[Date "2014.01.11"]
[Round "3.71"]
[White "Richardson, John R"]
[Black "Richmond, Peter A"]
[Result "1-0"]
[WhiteElo "2333"]
[BlackElo "2198"]
[PlyCount "41"]
[EventDate "2014.01.11"]
[WhiteTeam "The AD's"]
[BlackTeam "Brown Jack"]

1. Nf3 g6 2. d4 Bg7 3. g3 c5 4. d5 d6 5. Bg2 b5 6. a4 b4 7. a5 Nf6 8. c3 bxc3
9. bxc3 O-O 10. O-O Na6 11. Re1 Rb8 12. e4 Qc7 13. Nbd2 c4 14. Nd4 Ng4 15. Nc6
Bxc3 16. Ra3 Bb4 17. Nxc4 Bxe1 18. Qxe1 Nb4 19. Nxb4 Qxc4 20. Nc6 Rb7 21. Bf1
1-0

[Event "4NCL Division 2b"]
[Site "Hinckley Island ENG"]
[Date "2014.01.11"]
[Round "3.72"]
[White "Mordue, A Tyson"]
[Black "Wheeler, Darren P"]
[Result "1-0"]
[WhiteElo "2203"]
[BlackElo "2273"]
[PlyCount "175"]
[EventDate "2014.01.11"]
[WhiteTeam "Brown Jack"]
[BlackTeam "The AD's"]

1. e4 e6 2. d4 d5 3. Nd2 Nf6 4. Bd3 c5 5. e5 Nfd7 6. c3 Nc6 7. Ne2 cxd4 8. cxd4
f6 9. exf6 Nxf6 10. Nf3 Bd6 11. O-O Qc7 12. b3 O-O 13. Bb2 g6 14. Rc1 Qg7 15.
Ne5 Bd7 16. h3 g5 17. Ng3 Be8 18. Qe2 Kh8 19. Nxc6 Bxc6 20. Qxe6 Bf4 21. Nf5
Qg6 22. Rxc6 bxc6 23. Qxc6 Qf7 24. Ba3 Rfe8 25. Be7 Ng8 26. Bc5 Rac8 27. Qa6
Qd7 28. g3 Bb8 29. Qa5 h6 30. Qd2 Re6 31. Re1 Rxe1+ 32. Qxe1 Re8 33. Qd1 Qe6
34. Kg2 Rc8 35. b4 Bc7 36. a4 Bb6 37. Bd6 Bc7 38. Bc5 Bb6 39. h4 Bxc5 40. bxc5
Ne7 41. Nxe7 Qxe7 42. Qh5 Qg7 43. hxg5 Qxg5 44. Qf7 Qg8 45. Qxg8+ Rxg8 46. Bf5
Kg7 47. Be6 Re8 48. Bxd5 Kf6 49. Kf3 Ke7 50. Ke4 Kd7+ 51. Kd3 Rb8 52. Bc4 Kc6
53. Bb5+ Kd5 54. Bc4+ Kc6 55. f4 Rb1 56. g4 Rd1+ 57. Ke4 Re1+ 58. Kf5 Rd1 59.
Bb5+ Kd5 60. c6 Kd6 61. g5 hxg5 62. fxg5 Rxd4 63. g6 Rd2 64. g7 Rg2 65. Kf6
Rf2+ 66. Kg6 Rg2+ 67. Kh7 Rh2+ 68. Kg6 Rg2+ 69. Kf7 Rf2+ 70. Ke8 Rg2 71. Kf8
Rf2+ 72. Kg8 Rf4 73. Kh7 Rh4+ 74. Kg6 Rg4+ 75. Kh6 Rh4+ 76. Kg5 Rh2 77. Bc4
Rg2+ 78. Kf6 Rf2+ 79. Kg6 Rg2+ 80. Kf7 Kxc6 81. g8=Q Rxg8 82. Kxg8 Kc5 83. Bb5
Kb4 84. Kf7 a6 85. Be8 Kc5 86. Ke6 Kb6 87. Kd6 Ka5 88. Kc7 1-0

[Event "4NCL Division 2b"]
[Site "Hinckley Island ENG"]
[Date "2014.01.11"]
[Round "3.73"]
[White "Snape, Ian L"]
[Black "Padilla Cabero, Pablo"]
[Result "0-1"]
[WhiteElo "2247"]
[BlackElo "2149"]
[PlyCount "120"]
[EventDate "2014.01.11"]
[WhiteTeam "The AD's"]
[BlackTeam "Brown Jack"]

1. e4 Nf6 2. e5 Nd5 3. d4 c5 4. dxc5 e6 5. Nd2 Bxc5 6. Ne4 Nc6 7. Nf3 O-O 8.
Bd3 f5 9. exf6 Nxf6 10. Qe2 Be7 11. Nxf6+ Bxf6 12. Qe4 Qa5+ 13. Bd2 Qh5 14. c4
d5 15. Qe2 Bd7 16. O-O Rae8 17. Ng5 Qxe2 18. Bxe2 h6 19. Nh3 Nd4 20. Bh5 Rc8
21. cxd5 exd5 22. Bc3 Nc2 23. Rac1 d4 24. Rxc2 dxc3 25. bxc3 Ba4 26. Rcc1 Bxc3
27. Bg4 Rc7 28. Be6+ Kh7 29. Bd5 g5 30. g3 Rd8 31. Bxb7 Rd2 32. Be4+ Kh8 33. a3
Ra2 34. Rfe1 Rxa3 35. Re3 Be5 36. Rb1 Ra1 37. Rxa1 Bxa1 38. Ra3 Rc1+ 39. Kg2
Bb5 40. Nxg5 hxg5 41. Rxa7 g4 42. h4 Bd4 43. Rf7 Re1 44. Rf8+ Kg7 45. Rf4 Rxe4
46. Rxe4 Bc6 47. f3 Bxe4 48. fxe4 Kf6 49. Kf1 Ke5 50. Ke2 Kxe4 51. Kd2 Bf2 52.
Ke2 Be3 53. h5 Bh6 54. Kf2 Kd3 55. Kf1 Ke3 56. Kg2 Ke2 57. Kg1 Kf3 58. Kh2 Kf2
59. Kh1 Kxg3 60. Kg1 Kh3 0-1

[Event "4NCL Division 2b"]
[Site "Hinckley Island ENG"]
[Date "2014.01.11"]
[Round "3.18"]
[White "Girdlestone, Paul C"]
[Black "Swindells, Jonathan E"]
[Result "0-1"]
[WhiteElo "2132"]
[BlackElo "2150"]
[PlyCount "72"]
[EventDate "2014.01.11"]
[WhiteTeam "Brown Jack"]
[BlackTeam "The AD's"]

1. d4 Nf6 2. Nf3 g6 3. c4 Bg7 4. g3 O-O 5. Bg2 c5 6. O-O cxd4 7. Nxd4 Nc6 8.
Nc3 Qb6 9. Nc2 d6 10. Rb1 Bf5 11. e4 Bg4 12. Qe1 Ne5 13. Be3 Qc7 14. f3 Bd7 15.
b3 b5 16. f4 Nd3 17. Qd2 bxc4 18. bxc4 Qxc4 19. Rfd1 Rac8 20. Rb3 Nc5 21. Rb4
Qa6 22. Bd4 e5 23. fxe5 dxe5 24. Bxe5 Nfxe4 25. Nxe4 Bxe5 26. Ne3 Ba4 27. Bf1
Qc6 28. Nd5 Nxe4 29. Rxe4 Qc5+ 30. Kg2 Bxd1 31. Rxe5 Qc2 32. Ne7+ Kg7 33. Rd5
Qxd2+ 34. Rxd2 Rc2 35. Rxc2 Bxc2 36. Kf3 Re8 0-1

[Event "4NCL Division 2b"]
[Site "Hinckley Island ENG"]
[Date "2014.01.11"]
[Round "3.75"]
[White "Besedin, Pavel"]
[Black "Rabbitt, Michael"]
[Result "1-0"]
[WhiteElo "2106"]
[BlackElo "2053"]
[PlyCount "81"]
[EventDate "2014.01.11"]
[WhiteTeam "The AD's"]
[BlackTeam "Brown Jack"]

1. e4 c5 2. c3 d5 3. exd5 Qxd5 4. d4 Nf6 5. Nf3 e6 6. Bd3 Nbd7 7. Na3 a6 8. Qa4
Be7 9. Nb5 Qc6 10. c4 O-O 11. Nc3 Qc7 12. Qc2 cxd4 13. Nxd4 Rd8 14. Be3 Ne5 15.
O-O-O Nxd3+ 16. Rxd3 e5 17. Nf3 Be6 18. b3 g6 19. Kb2 Rxd3 20. Qxd3 Rd8 21. Qe2
Qa5 22. Na4 e4 23. Nd4 Qe5 24. Rd1 Ng4 25. h3 Nxe3 26. fxe3 f5 27. Nc3 Bf7 28.
Qf2 Bf6 29. g4 Be6 30. gxf5 Bxf5 31. Nd5 Rxd5 32. cxd5 Qxd5 33. h4 Qd8 34. h5
Qe7 35. hxg6 hxg6 36. Kb1 Qe5 37. Rg1 Bg7 38. Qh4 Bf6 39. Qh6 Bg7 40. Qg5 Bf6
41. Qxf5 1-0

[Event "4NCL Division 2b"]
[Site "Hinckley Island ENG"]
[Date "2014.01.11"]
[Round "3.76"]
[White "Whatley, Stephen AJ (jnr)"]
[Black "Anderton, David W"]
[Result "0-1"]
[WhiteElo "1864"]
[BlackElo "2178"]
[PlyCount "74"]
[EventDate "2014.01.11"]
[WhiteTeam "Brown Jack"]
[BlackTeam "The AD's"]

1. e4 e6 2. d4 d5 3. Nc3 Nf6 4. Bg5 Bb4 5. e5 h6 6. Bd2 Bxc3 7. Bxc3 Ne4 8. Bb4
c5 9. Bxc5 Nxc5 10. dxc5 Qa5+ 11. Qd2 Qxc5 12. Nf3 Nc6 13. Bd3 Bd7 14. O-O O-O
15. Rfd1 Rfc8 16. a3 a5 17. Rac1 a4 18. Qe2 Na5 19. Nd4 Kf8 20. c3 Qb6 21. Nb5
Bxb5 22. Bxb5 Nc4 23. Bxc4 Rxc4 24. Qc2 Kg8 25. Rb1 Rac8 26. Qd2 Re4 27. Re1
Rcc4 28. g3 g5 29. Kh1 Qc6 30. Kg1 Qc7 31. f4 gxf4 32. Rxe4 Rxe4 33. gxf4 Qc4
34. Qg2+ Kf8 35. Rf1 Rxf4 36. Rxf4 Qxf4 37. Qe2 Kg7 0-1

[Event "4NCL Division 2b"]
[Site "Hinckley Island ENG"]
[Date "2014.01.11"]
[Round "3.78"]
[White "McLaren, Charlie"]
[Black "Stockwell, Mark B"]
[Result "1/2-1/2"]
[WhiteElo "1752"]
[BlackElo "1985"]
[PlyCount "50"]
[EventDate "2014.01.11"]
[WhiteTeam "Brown Jack"]
[BlackTeam "The AD's"]

1. d4 Nf6 2. Nf3 d5 3. c4 e6 4. cxd5 exd5 5. Bg5 c6 6. e3 Qa5+ 7. Nbd2 Ne4 8.
a3 Nxg5 9. Nxg5 Qd8 10. Ngf3 a5 11. Bd3 Bd6 12. O-O O-O 13. Qc2 g6 14. Rab1 a4
15. e4 dxe4 16. Nxe4 Bf5 17. Ng3 Bxd3 18. Qxd3 Nd7 19. Ne4 Nf6 20. Rfd1 Nd5 21.
Nc3 Nf4 22. Qc4 Qc8 23. d5 Qg4 24. Qf1 Bc5 25. Rd2 cxd5 1/2-1/2

[Event "4NCL Division 2b"]
[Site "Hinckley Island ENG"]
[Date "2014.01.11"]
[Round "3.81"]
[White "Reid, John"]
[Black "Holland, James P"]
[Result "0-1"]
[WhiteElo "2157"]
[BlackElo "2255"]
[PlyCount "102"]
[EventDate "2014.01.11"]
[WhiteTeam "Hackney"]
[BlackTeam "BCM Dragons (1)"]

1. d4 d5 2. c4 e6 3. Nc3 c5 4. cxd5 exd5 5. Nf3 Nc6 6. g3 Nf6 7. Bg2 Be7 8. O-O
O-O 9. Bg5 c4 10. Ne5 Be6 11. b3 h6 12. Bxf6 Bxf6 13. Nxc6 bxc6 14. bxc4 dxc4
15. e3 Qa5 16. Rc1 Rac8 17. Qa4 Qxa4 18. Nxa4 Be7 19. Nb2 Ba3 20. Rc2 Bxb2 21.
Rxb2 Rc7 22. Rd1 g5 23. Kf1 Rd8 24. Ke1 Kg7 25. Kd2 Bd5 26. Bf1 c5 27. Kc3 Be6
28. Bg2 cxd4+ 29. exd4 Rd6 30. d5 Bf5 31. Rb4 Bd3 32. a4 Re7 33. Rb2 Ra6 34.
Ra1 Kf6 35. Kd4 Rc7 36. Rb5 Ke7 37. Re1+ Kd6 38. a5 Bc2 39. Ra1 Bd3 40. Re1 Bf5
41. Ra1 c3 42. Be4 Bd7 43. Rb3 c2 44. Rc3 Rxc3 45. Kxc3 Rxa5 46. Rc1 Rc5+ 47.
Kb3 Bg4 48. f3 f5 49. Bxc2 Bxf3 50. Rf1 Bxd5+ 51. Kb2 Be4 0-1

[Event "4NCL Division 2b"]
[Site "Hinckley Island ENG"]
[Date "2014.01.11"]
[Round "3.82"]
[White "Cooksey, Paul S"]
[Black "Eames, Robert S"]
[Result "0-1"]
[WhiteElo "2310"]
[BlackElo "2195"]
[PlyCount "68"]
[EventDate "2014.01.11"]
[WhiteTeam "BCM Dragons (1)"]
[BlackTeam "Hackney"]

1. c4 e6 2. Nf3 d5 3. g3 Nf6 4. Bg2 c5 5. O-O Nc6 6. b3 Be7 7. e3 O-O 8. Bb2 d4
9. exd4 cxd4 10. Re1 Re8 11. Ne5 Nxe5 12. Rxe5 Bd6 13. Re1 e5 14. d3 Bg4 15.
Qc2 Qd7 16. c5 Rac8 17. b4 Bh3 18. Bh1 b6 19. c6 Qf5 20. a3 Ng4 21. Qe2 Re6 22.
Bc1 Be7 23. b5 e4 24. dxe4 d3 25. Nc3 dxe2 26. exf5 Bc5 27. Bf3 Bxf2+ 28. Kh1
Bxe1 29. Nxe2 Rxe2 30. Bxe2 Bc3 31. Ra2 Nf2+ 32. Kg1 Bd4 33. Rd2 Nd3+ 34. Kh1
Nxc1 0-1